Molecular and biomolecular electronics : developed from a symposium sponsored by the Division of Biochemical Technology of the American Chemical Society at the Fourth Chemical Congress of North America (202nd National Meeting of the American Chemical Society), New York, New York, August 25-30, 1991 /
Guardado en:
| Autores Corporativos: | , |
|---|---|
| Otros Autores: | |
| Formato: | Procedimiento de la Conferencia Libro |
| Lenguaje: | inglés |
| Publicado: |
Washington, DC
American Chemical Society
c1994.
|
| Colección: | Advances in chemistry series,
240 |
| Materias: | |
| Acceso en línea: | Ver en el OPAC |
| Etiquetas: |
Sin Etiquetas, Sea el primero en etiquetar este registro!
|
MARC
| LEADER | 00000cam a2200000 a 4500 | ||
|---|---|---|---|
| 005 | 20260127134357.0 | ||
| 008 | 050414s1994 dcua b 001 0 eng | ||
| 010 | |a 94-028455 | ||
| 020 | |a 0841226989 | ||
| 035 | |a vtls001523710 | ||
| 035 | |a (DLC) 94028455 | ||
| 035 | |a ()1125400 | ||
| 039 | 9 | |a 200504140741 |b mschk03 |y 200504140736 |z mschk03 | |
| 040 | |a STUSCHK1 |b slo |c STUSCHK1 | ||
| 082 | 0 | 0 | |a 540 s |a 621.381 |2 20 |
| 111 | 2 | |a Chemical Congress of North America |n (4. : |d 1991 : |c New York, N.Y.) | |
| 245 | 1 | 0 | |a Molecular and biomolecular electronics : |b developed from a symposium sponsored by the Division of Biochemical Technology of the American Chemical Society at the Fourth Chemical Congress of North America (202nd National Meeting of the American Chemical Society), New York, New York, August 25-30, 1991 / |c Robert R. Birge, editor. |
| 260 | |a Washington, DC |b American Chemical Society |c c1994. | ||
| 300 | |a xii, 596 p. |b ill. |c 24 cm. | ||
| 440 | 0 | |a Advances in chemistry series, |x 0065-2393 ; |v 240 | |
| 504 | |a Includes bibliographical references and index. | ||
| 650 | 0 | |a Molecular electronics. | |
| 650 | 0 | |a Biochemical engineering. | |
| 650 | 0 | |a Biomedical materials. | |
| 700 | 1 | |a Birge, Robert R. | |
| 710 | 2 | |a American Chemical Society. |b Division of Biochemical Technology. | |
| 906 | |a 7 |b cbu |c orignew |d 1 |e ocip |f 19 |g y-gencatlg | ||
| 910 | |a SCHK95 | ||
| 919 | |a 0-8412-2698-9 | ||
| 991 | |b c-GenColl |h QD1 |i .A355 no. 240 |t Copy 1 |w BOOKS | ||
| 999 | |c 11253 |d 11253 | ||